A2 Economics & Business Studies (Record no. 2120)

MARC details
005 - DATE AND TIME OF LATEST TRANSACTION
control field 20250507131649.0
020 ## - INTERNATIONAL STANDARD BOOK NUMBER
International Standard Book Number 978-1-84489-564-9
082 ## - DEWEY DECIMAL CLASSIFICATION NUMBER
Classification number LECT 330 ALL
100 ## - MAIN ENTRY--PERSONAL NAME
Author name ALLAN , P.
245 ## - TITLE STATEMENT
Title A2 Economics & Business Studies
260 ## - PUBLICATION, DISTRIBUTION, ETC.
Place of publication, distribution, etc. London,
Name of publisher, distributor, etc. Philip Allan,
Date of publication, distribution, etc. 2006.
300 ## - PHYSICAL DESCRIPTION
Extent 55p.: ill.; figures, tables
Dimensions 24cm,
942 ## - ADDED ENTRY ELEMENTS (KOHA)
Source of classification or shelving scheme Dewey Decimal Classification
Koha item type Books
Holdings
Date last seen Total checkouts Full call number Barcode Cost, replacement price Price effective from Koha item type Lost status Source of classification or shelving scheme Damaged status Not for loan Withdrawn status Home library Current library Shelving location Date acquired Cost, normal purchase price
05/07/2025   LECT 330 ALL 0000008069 75000.00 05/07/2025 Books   Dewey Decimal Classification       College of Business Education Main Library College of Business Education Main Library General Collection 08/17/2021 25000.00
05/07/2025   LECT 330 ALL 0000008070 75000.00 05/07/2025 Books   Dewey Decimal Classification       College of Business Education Main Library College of Business Education Main Library General Collection 08/17/2021 25000.00
05/07/2025   LECT 330 ALL 0000008071 75000.00 05/07/2025 Books   Dewey Decimal Classification       College of Business Education Main Library College of Business Education Main Library General Collection 08/17/2021 25000.00
05/07/2025   LECT 330 ALL 0000008072 75000.00 05/07/2025 Books   Dewey Decimal Classification       College of Business Education Main Library College of Business Education Main Library General Collection 08/17/2021 25000.00